| 000 | 00754nam a22002057a 4500 | ||
|---|---|---|---|
| 005 | 20241128144232.0 | ||
| 010 | _aENG-142673 | ||
| 020 |
_c405.00 _a9788119896059 |
||
| 035 | _aEN-126205 | ||
| 037 | _bDBAD | ||
| 082 |
_a000 _21 |
||
| 100 |
_aVeranda RACE _974247 |
||
| 245 |
_aIBPS PO Pre Pre-Mock Tests/ _cBy Veranda RACE |
||
| 250 | _a1 | ||
| 260 |
_aUttar Pradesh _bPearson India Education Pvt Ltd _c2024 |
||
| 270 |
_bUttar Pradesh _a1st FLoor, Berger Tower, Plot No. C-001A/2, Sector-16B, Noida _e201301 |
||
| 300 |
_avpp. _c23cm(pb) _bIndex |
||
| 500 | _a15 Sectional and 10 Full-Length Tests | Prepare With Accuracy For Speed | Solved 2023 Memory-based Paper | Online Daily Current Affairs | ||
| 942 |
_2ddc _cEN _h000 _mIBP _e1 |
||
| 999 |
_c207146 _d207146 |
||